| 000 | 00420nam a2200193Ia 4500 | ||
|---|---|---|---|
| 003 | OSt | ||
| 005 | 20251119100025.0 | ||
| 008 | 250729s1984 xx 000 0 und d | ||
| 020 | _a978-0099536017 | ||
| 040 | _cAL | ||
| 041 | _aeng | ||
| 082 | _a823 HELC | ||
| 100 |
_aHeller Joseph _9224558 |
||
| 245 | _aCatch 22 | ||
| 260 |
_aLondon _c1984 |
||
| 300 | _a478p | ||
| 650 |
_aFiction _9224559 |
||
| 942 |
_2ddc _cBED |
||
| 999 |
_c236470 _d236470 |
||